000 00607nam a2200253 a 4500
001 nice12345678
003 IN_TiNIC
005 20260116011449.0
008 050524s1933 a grp 000 0 eng
020 _a
_c100
082 0 0 _a297.4
_bWEN
100 _aWensinck, A J
245 _aOn the Relation Between Ghazali`s Cosmology and His Mysticism
260 _a
_b
_c1933
300 _a27p
500 _aincludes index and biblioraphy
505 2 _aIndex
650 _aSufism-Ghazali
650 _aSufism-Alghazali
700 1 _aWensinck, A J
902 _bSRS
942 _cBK
999 _c1764
_d1764